K disney/pixar characters - Statistics

General Stats
  • This quiz has been taken 19 times
    18 since last reset
  • The average score is 10 of 23
Answer Stats
Hint Answer % Correct
Toy Story 3 Ken
100%
Frozen Kristoff
100%
The Emperors New Groove Kuzco
100%
Brother Bear Koda
86%
Winnie the Pooh Kanga
71%
The Jungle Book Kaa
57%
Dinosaur Kron
57%
The Emperors New Groove Kronk
57%
Cinderella The King
57%
Tarzan Kala
43%
Brother Bear Kenai
43%
Atlantis Kida
43%
Alice in Wonderland King of Hearts
43%
Tarzan Kerchak
29%
Mualn Khan
29%
Wreck it Ralph King Candy
29%
Ralph Breaks the Internet Knowsmore
29%
Pocahontas Kocoum
29%
The Sword in the Stone Kay
14%
Up Kevin
14%
The Incredibles Kari
0%
The Adventures of Ichabod and Mr Toad Katrina
0%
Chicken Little Kirby
0%
No matching quizzes found
Score Distribution
Percent of People with Each Score
Percentile by Number Answered
Your Score History
You have not taken this quiz since the last reset